| 000 | 00707nam a2200193Ia 4500 | ||
|---|---|---|---|
| 003 | GCL | ||
| 008 | 140319s9999 xx 000 0 ara d | ||
| 040 |
_aGCL / _cGCL |
||
| 082 | 0 | 4 |
_aق _b953.073 _bم ا |
| 100 | 1 | _aمحمد احمد محمد | |
| 245 | 1 | 0 |
_aالاحداث السياسية فى مصر الاسلامية منذ الفتح العربى حتى سقوط الدولة الفاطمية 20 هـ - 567 هـ / _cمحمد احمد محمد |
| 300 | _a172 ص | ||
| 490 | _a | ||
| 650 | 0 | 4 | _aالاحوال السياسية |
| 650 | 0 | 4 | _aفتح مصر |
| 650 | 0 | 4 | _aالدولة الفاطمية ( 969 - 1171م ) |
| 650 | 0 | 4 | _aمصر - تاريخ - العصر الاسلامى |
| 942 |
_2ddc _cBK |
||
| 999 |
_c39362 _d39362 |
||